00181nam a22000737a 4500020001800000100002000018245001600038260005300054 a9780689866852 aAndrew Clements aLunch money aNew YorkbAtheneum Books for Young Readersc2005